000 00288nam a2200109Ia 4500
008 171211s9999 xx 000 0 und d
245 _aPrintmaking Unleashed
245 _cTraci Bautista
260 _c2014
650 _xDrawing
856 _uhttp://down.ebook777.com/005/978-1440333910.rar
999 _c348023
_d348023